| 000 | 00983cam a2200289 i 4500 | ||
|---|---|---|---|
| 001 | 3667275 | ||
| 003 | OSt | ||
| 005 | 20230619085552.0 | ||
| 008 | 780217s1978 enkaf 001 0 eng | ||
| 010 | _a 77030690 | ||
| 015 | _aGB78 | ||
| 020 |
_a0199510849 : _c£6.75 |
||
| 040 |
_aDLC _cDLC _dDLC |
||
| 043 | _ae-uk-en | ||
| 082 | 0 | 0 |
_a070.5/09425/74 _bSUT |
| 100 | 1 | _aSutcliffe, Peter H. | |
| 245 | 1 | 4 |
_aThe Oxford University Press : _ban informal History / _cPeter Sutcliffe. |
| 260 |
_aOxford : _bClarendon Press, _c1978. |
||
| 300 |
_axxviii, 303 p., [12] leaves of plates : _bill. ; _c24 cm. |
||
| 500 | _aIncludes index. | ||
| 610 | 2 | 0 |
_aOxford University Press _xHistory. |
| 650 | 0 |
_aUniversity presses _zEngland _zOxford _xHistory. |
|
| 650 | 0 |
_aScholarly publishing _zEngland _zOxford _xHistory. |
|
| 856 | 4 | 2 |
_3Publisher description _uhttp://www.loc.gov/catdir/enhancements/fy0604/77030690-d.html |
| 906 |
_a7 _bcbc _corignew _d1 _eocip _f19 _gy-gencatlg |
||
| 942 |
_2ddc _cBK |
||
| 999 |
_c1158 _d1158 |
||